| 000 | 00379nam a2200145Ia 4500 | ||
|---|---|---|---|
| 008 | 230312s9999||||xx |||||||||||||| ||und|| | ||
| 020 | _a1-4160-6626-2 | ||
| 082 |
_a615.82 _bCAM-P |
||
| 100 | _aCampbell;Suzann.K | ||
| 245 | 0 | _aPhysical Therapy for Children | |
| 260 |
_bElsevier _aPhiladelphia _c2012 |
||
| 300 | _a1090 | ||
| 650 |
_aPhysiotherapy _vPhysio Therapy |
||
| 942 | _cBK | ||
| 999 |
_c10368 _d10368 |
||